| Tag |
First Indicator |
Second Indicator |
Subfields |
| LEADER |
00000cam a2200000Ii 4500 |
| 001 |
in00004058675 |
| 005 |
20190718162916.0 |
| 008 |
870527s1968 caucf 000 0beng d |
| 019 |
|
|
|a 1031390146
|a 1049463493
|
| 035 |
|
|
|a (OCoLC)ocm15738191
|
| 035 |
|
|
|a (OCoLC)15738191
|z (OCoLC)1031390146
|z (OCoLC)1049463493
|
| 040 |
|
|
|a VXG
|b eng
|e rda
|c VXG
|d OCLCG
|d CUY
|d CPA
|d OCLCF
|d OCLCO
|d OCLCQ
|d OCLCA
|d TXA
|d UtOrBLW
|
| 043 |
|
|
|a n-us-ca
|
| 049 |
|
|
|a TXAM
|
| 050 |
|
4 |
|a F860.D117
|b R6
|
| 082 |
0 |
4 |
|a 979.4931
|b D 2
|
| 090 |
|
|
|a F866.D11
|b R63 1968
|
| 100 |
1 |
|
|a Robinson, W. W.
|q (William Wilcox),
|d 1891-1972.
|0 http://id.loc.gov/authorities/names/n78083374
|
| 245 |
1 |
0 |
|a Woman of California :
|b Susanna Bryant Dakin /
|c by W.W. Robinson.
|
| 264 |
|
1 |
|a [Berkeley] :
|b Friends of the Bancroft Library in collaboration with the California Arboretum Foundation,
|c [1968]
|
| 300 |
|
|
|a 11 pages 1 unnumbered leaf of plates :
|b portrait ;
|c 26 cm
|
| 336 |
|
|
|a text
|b txt
|2 rdacontent
|
| 337 |
|
|
|a unmediated
|b n
|2 rdamedia
|
| 338 |
|
|
|a volume
|b nc
|2 rdacarrier
|
| 490 |
1 |
|
|a LASCA leaves ;
|v volume XVIII, number 4, December, 1968
|
| 500 |
|
|
|a First lecture of a series of annual lectures established in memory of Susanna Bryant Dakin, presented under the auspices of The Bancroft Library at the University of California, Berkeley and sponsored by Mr. and Mrs. Jake Zeitlin.
|
| 500 |
|
|
|a "Designed and printed by Lawton and Alfred Kennedy"--Title page verso.
|
| 508 |
|
|
|a Designed by Lawton and Alfred Kennedy.
|
| 580 |
|
|
|a The Cushing Library/Lowman/Book Design copy forms part of the Book Design Section of the Al Lowman Printing Arts Collection and Research Archive.
|
| 600 |
1 |
0 |
|a Dakin, Susanna Bryant,
|d 1905-1966.
|0 http://id.loc.gov/authorities/names/n79062685
|
| 650 |
|
0 |
|a Authors, American
|z California
|y 20th century
|v Biography.
|
| 600 |
1 |
7 |
|a Dakin, Susanna Bryant,
|d 1905-1966.
|2 fast
|0 (OCoLC)fst00036938
|
| 610 |
2 |
0 |
|a Los Angeles State and County Arboretum
|x History.
|
| 655 |
|
7 |
|a Biographies.
|2 lcgft
|0 http://id.loc.gov/authorities/genreForms/gf2014026049
|
| 700 |
1 |
|
|a Kennedy, Lawton,
|d 1900-1980,
|e book designer,
|e printer.
|0 http://id.loc.gov/authorities/names/n86057716
|
| 700 |
1 |
|
|a Kennedy, Alfred,
|e book designer,
|e printer.
|0 http://id.loc.gov/authorities/names/nr98008119
|
| 710 |
2 |
|
|a Bancroft Library.
|b Friends,
|e issuing body.
|0 http://id.loc.gov/authorities/names/n80006302
|
| 710 |
2 |
|
|a California Arboretum Foundation,
|e issuing body.
|0 http://id.loc.gov/authorities/names/no92012011
|
| 773 |
0 |
|
|t Al Lowman Printing Arts Collection and Research Archive.
|
| 830 |
|
0 |
|a LASCA leaves ;
|v v. 18, no. 4.
|
| 994 |
|
|
|a C0
|b TXA
|
| 948 |
|
|
|a cataloged
|b h
|c 2019/4/2
|d c
|e nbehmer
|f 8:45:53 am
|
| 999 |
f |
f |
|s b1927541-b8dc-315c-a655-acadd65d0149
|i c40649cd-2b72-360f-aa7e-9c33f6e77075
|t 0
|
| 952 |
f |
f |
|p noncirc
|a Texas A&M University
|b College Station
|c Cushing Memorial Library & Archives
|d Cushing: Lowman (Does not check out)
|t 0
|e F866.D11 R63 1968
|f Vertical file
|h Library of Congress classification
|i unmediated -- volume
|
| 998 |
f |
f |
|a F866.D11 R63 1968
|t 0
|l Cushing: Lowman (Does not check out)
|